ARRUPE JESUIT UNIVERSITY

CORONAVIRUS -STOP THE SPREAD - CLEAN,DISINFECT,COVER
Normal view MARC view

Entry Topical Term

Number of records used in: 1

001 - CONTROL NUMBER

  • control field: 28014

003 - CONTROL NUMBER IDENTIFIER

  • control field: ARRUPE

005 - DATE AND TIME OF LATEST TRANSACTION

  • control field: 20161213092059.0

008 - FIXED-LENGTH DATA ELEMENTS

  • fixed length control field: 161213|| aca||aabn | a|a d

040 ## - CATALOGING SOURCE

  • Original cataloging agency: ARRUPE
  • Transcribing agency: ARRUPE

150 ## - HEADING--TOPICAL TERM

  • Topical term or geographic name as entry element: Working class
  • Geographic subdivision: Great Britain
  • General subdivision: History
  • Chronological subdivision: 19th century
  • General subdivision: Sources.

670 ## - SOURCE DATA FOUND

  • Source citation: Work cat.: (ARRUPE)0: Shaftesbury, Anthony Ashley Cooper, Earl of, 1801-1885. 28012, Speeches of the Earl of Shaftesbury, upon subjects having relations chiefly to the claims and interests of the labouring class., 2005

 

Arrupe Library. PO Box MP320 Mt Pleasant, Harare, Zimbabwe
263 242 745411|librarian@aju.ac.zw